000 00559nam a2200229Ia 4500
003 OSt
005 20221005120450.0
006 a|||||r|||| 00| 0
007 ta
008 221004b |||||||| |||| 00| 0 eng d
024 _a54141
037 _cTextual
040 _aCRL
_cCRL
_beng
041 _2eng
_aeng
082 _aT.2aN6, K4
100 _aKatyal F C
_9629184
245 0 _aEducation in India
_bA bibliography.
260 _c1964
650 _aEDUCATION
942 _hT.2aN6, K4
_cTEXL
_2cc
999 _c1038141
_d1038141